LEADER 01145nam a2200289 i 4500 001 000000161509 003 CaOOAMICUS 005 20070518000000.0 008 070518s1997 it u000 u ita u 013 $a138872 020 $a88-215-3415-4 040 $aSeMil$bita 100 1 $aBouflet, Joachim,$d<1948- >.$0(OLS)http://semarc/name/36123 240 14$aLes stigmatisés.$0(OLS)http://semarc/title/144642 245 13$aIl mistero delle stigmate /$cJoachim Bouflet. 260 $aCinisello Balsamo :$bSan Paolo,$ccopyr. 1997. 300 $a145 p. ;$c19 cm. 490 0 $aI compact ;$v33 500 $aContiene : Glossario. 650 4$aStigmate - Fisiologia.$0(OLS)http://semarc/subject/12213 830 2$aI compact ;$v33.$0(OLS)http://semarc/title/8129 850 $aSeMil 852 $aSeMil$W1$xVenegono$y1$m2C II 481$j112905$B112905$CSeMilBibl$Z2$F123395 $81 961 $aRecupero: Seminario di Seveso 996 $6020$a88-215-3415-4$9(OLS)http://semarc/number/77573 996 $6245$aIl mistero delle stigmate$9(OLS)http://semarc/title/144641 996 $6260$aCinisello Balsamo :$bSan Paolo$9(OLS)http://semarc/publisher/30129 LEADER 01602nam a2200301 i 4500 001 000000024849 003 CaOOAMICUS 005 20180830125446.0 008 180830s1923 fr u000 u und u 040 $aSeMil$bita 245 10$aMémoires de J. Casanova de Seingalt écrits par lui-même suives de fragments des mémoires du Prince de Ligne. 250 $anouvelle édition collationnée sur l'édition originale de Leipsick et ornée de gravures sur bois d'après les dessins De Maillart. 260 $aParis :$bGarnier frères,$c1923-1927. 300 $a8 v. ;$c19 cm. 600 14$aCasanova, Giacomo <1725-1798>.$0(OLS)http://semarc/subject/2987 700 1 $aLigne, Charles Joseph : de.$0(OLS)http://semarc/name/11004 700 1 $aCasanova, Giacomo,$d<1725-1798>.$0(OLS)http://semarc/name/8429 773 0 $tClassiques Garnier.$dParis : Garnier frères, [18-?]$w()14384 774 0 $tTome premier.$kClassiques Garnier$w()201388 774 0 $tTome deuxième.$kClassiques Garnier$w()201389 774 0 $tTome troisième.$kClassiques Garnier$w()201391 774 0 $tTome quatrième.$kClassiques Garnier$w()201392 774 0 $tTome cinquième.$kClassiques Garnier$w()201393 774 0 $tTome sixième.$kClassiques Garnier$w()201395 774 0 $tTome septième.$kClassiques Garnier$w()201396 774 0 $tTome huitième.$kClassiques Garnier$w()201397 996 $6245$aMémoires de J. Casanova de Seingalt écrits par lui-même suives de fragments des mémoires du Prince de Ligne$9(OLS)http://semarc/title/33472 996 $6260$aParis :$bGarnier frères$9(OLS)http://semarc/publisher/33256